000 00578nam a2200193Ia 4500
008 151119s9999||||xx |||||||||||||| ||und||
082 _a28.5
082 _bGKKV11395
100 _aकुलकर्णी नलिनी
245 _aद्रूष्ट राक्षस
260 _a--
260 _b--
260 _c0
600 _aकुलकर्णी नलिनी
630 _aद्रूष्ट राक्षस
700 _aकुलकर्णी नलिनी
730 _aद्रूष्ट राक्षस
942 _cBOOK
999 _c1065397
_d1065394